الثقافة الإسلامية الأصيلة ومستجداات العصر / (رقم التسجيلة. 106246)

تفاصيل مارك
000 -الفاتح
عناصر البيانات ثابتة الطول 00725cam a2200181 i 4500
005 - تاريخ ووقت آخر معاملة
حقل ضبط 20251218125013.0
008 - عناصر البيانات ثابتة الطول
عناصر البيانات ثابتة الطول 250721s2007 jo gr 000 0 ara d
020 ## - الترقيم الدولي المعياري للكتب (ردمك)
الترقيم الدولي المعياري للكتب (ردمك) 9957449095
082 14 - رقم تصنيف ديوي العشري
رقم التصنيف 218.1
رقم المادة م ن ا
100 1# - مدخل رئيسي – اسم شخصي
الاسم الشخصي المناسية، أمين محمد سلام
علاقة الشخص بالعمل/ دوره مؤلف.
245 12 - بيان العنوان
العنوان الثقافة الإسلامية الأصيلة ومستجداات العصر /
بيان المسؤولية الدكتور امين محمد سلام المناسية.
250 ## - بيان الطبعة
بيان الطبعة الطبعة الثانية، مزيدة ومنقحة.
264 31 - بيانات النشر، التوزيع…إلخ
مكان النشر، التوزيع...إلخ عمان :
اسم الناشر، الموزع...إلخ الأكاديميون للنشر و التوزيع،
تاريخ النشر، التوزيع...إلخ 2007.
300 ## - الوصف المادي
عدد الوحدات المكونة للوعاء 471 صفحة.
650 17 - مدخل إضافي بالموضوع - مصطلح موضوعي
مصطلح موضوعي أو اسم جغرافي كعنصر مدخل الثقافة الإسلامية.
942 ## - بيانات إضافية (كوها)
نوع التنصيف Dewey Decimal Classification
نوع المادة (كوها) كتب
المقتنيات
حالة السحب حالة الفقدان مصدر التصنيف حالة التلف غير قابل للإعارة المكتبة الرئيسية المكتبة الحالية موقع الرف تاريخ التزويد الرقم المتسلسل Total Checkouts رقم الإستدعاء الباركود تاريخ آخر ظهور تاريخ الفاتورة نوع المادة (كوها)
    Dewey Decimal Classification     المكتبة المركزية المكتبة المركزية الإعارة 28/07/2025 1092640   218.1 / م ن ا 1092640 28/07/2025 28/07/2025 كتب
    Dewey Decimal Classification     مكتبة أبو علندا العامة مكتبة أبو علندا العامة الإعارة 28/07/2025 1092647   218.1/منا 1092647 28/07/2025 28/07/2025 كتب
    Dewey Decimal Classification     مكتبة الحسن العامة مكتبة الحسن العامة الإعارة 28/07/2025 1092645   218.1/منا 1092645 28/07/2025 28/07/2025 كتب
    Dewey Decimal Classification     مكتبة حمزة العامة مكتبة حمزة العامة الإعارة 28/07/2025 1092646   218.1/منا 1092646 28/07/2025 28/07/2025 كتب
    Dewey Decimal Classification     مكتبة صويلح العامة مكتبة صويلح العامة الإعارة 28/07/2025 1092644   218.1/منا 1092644 28/07/2025 28/07/2025 كتب
Implemented & Customized by: BBB with SCIT (Smart Chains for Information Technology)

Powered by Koha